Score 0/18 Timer 05:00
1 Play Today
Hint Name % Correct
_____ SpringsteenBruce
99.3%
_____ SinatraFrank
98.8%
_____ DeVitoDanny
98.6%
_____ StreepMeryl
97%
_____ LatifahQueen
96.9%
_____ HoustonWhitney
96.7%
_____ DunstKirsten
90%
_____ LiottaRay
88.7%
_____ R.R. MartinGeorge
85.6%
Hint Name % Correct
_____ DinklagePeter
85.1%
_____ CostelloLou
80.9%
_____ ReidTara
78.5%
_____ BasieCount
75.3%
_____ GinsbergAllen
74.6%
_____ KushnerJared
70.5%
_____ SchwarzkopfNorman
69.3%
_____ ZieringIan
67%
_____ AlitoSamuel
50.2%

Today's Daily Dose

Remove Ads.
Support Sporcle.
Get the best of Sporcle when you Go Orange. This ad-free experience offers more features, more stats, and more fun while also helping to support Sporcle. Thank you for becoming a member.

You're not logged in!

Compare scores with friends on all Sporcle quizzes.
OR
Log In

Show Comments

Extras

Top Quizzes Today


Score Distribution

Your Account Isn't Verified!

In order to create a playlist on Sporcle, you need to verify the email address you used during registration. Go to your Sporcle Settings to finish the process.

Report this User

Report this user for behavior that violates our Community Guidelines.

Details: